Orthotics : (Record no. 4014)

000 -LEADER
fixed length control field 00603nam a22002051 4500
003 - CONTROL NUMBER IDENTIFIER
control field ALUPE UNIVERSITY COLLEGE
005 - DATE AND TIME OF LATEST TRANSACTION
control field 20220317063143.0
008 - FIXED-LENGTH DATA ELEMENTS--GENERAL INFORMATION
fixed length control field 921109s1986 enk 000 0 eng d
020 ## - INTERNATIONAL STANDARD BOOK NUMBER
International Standard Book Number 0433282800
040 ## - CATALOGING SOURCE
Transcribing agency ALUPE UNIVERSITY COLLEGE
050 ## - LIBRARY OF CONGRESS CALL NUMBER
Classification number RD755
Item number .R6 1986
092 ## - LOCALLY ASSIGNED DEWEY CALL NUMBER (OCLC)
Classification number D0501073456
100 1# - MAIN ENTRY--PERSONAL NAME
Personal name Rose, G. K.
245 10 - TITLE STATEMENT
Title Orthotics :
Remainder of title principles and practice /
Statement of responsibility, etc. G.K. Rose
260 ## - PUBLICATION, DISTRIBUTION, ETC.
Place of publication, distribution, etc. London :
Name of publisher, distributor, etc. Heinemann Medical,
Date of publication, distribution, etc. 1986
300 ## - PHYSICAL DESCRIPTION
Extent 237 p ;
Dimensions 26 cm
650 #0 - SUBJECT ADDED ENTRY--TOPICAL TERM
Topical term or geographic name entry element Orthopedic apparatus
942 ## - ADDED ENTRY ELEMENTS (KOHA)
Source of classification or shelving scheme
Koha item type Book
Suppress in OPAC PW
Holdings
Withdrawn status Lost status Source of classification or shelving scheme Damaged status Not for loan Permanent Location Current Location Shelving location Date acquired Source of acquisition Total Checkouts Full call number Barcode Date last seen Price effective from Koha item type Public note
          AU LIBRARY AU LIBRARY Open Shelf 17.03.2022 DONATION FROM MOI UNIVERSITY   RD755 .R6 1986 28005722 17.03.2022 17.03.2022 Book PW

Powered by Koha